Průmyslová politika ano, nebo ne? Proč je průmyslová politika škodlivá

Charakteristika priemyselnej politiky. Názory zástancov a odporcov priemyselnej politiky. Nebezpečie existencie priemyselnej politiky. Potreba hospodárskej politiky, ktorá sa nezakladá na selektívnosti medzi jednotlivými odvetviami výroby alebo podnikateľmi, ale je v súlade so zákonmi trhu a súkromn...

Descrizione completa

Salvato in:
Dettagli Bibliografici
Autore principale: Holman, R.
Natura: Capitolo di libro
Lingua:ceco
Soggetti:
Tags: Aggiungi Tag
Nessun Tag, puoi essere il primo ad aggiungerne!!

MARC

LEADER 00000naa a2200000 4500
001 r017660
005 20221208130811.0
041 0 |a cze 
044 |a CZ 
245 1 0 |a Průmyslová politika ano, nebo ne?  |b Proč je průmyslová politika škodlivá  |c R. Holman 
520 |a Charakteristika priemyselnej politiky. Názory zástancov a odporcov priemyselnej politiky. Nebezpečie existencie priemyselnej politiky. Potreba hospodárskej politiky, ktorá sa nezakladá na selektívnosti medzi jednotlivými odvetviami výroby alebo podnikateľmi, ale je v súlade so zákonmi trhu a súkromného podnikania. 
610 2 0 |a politika priemyselná 
610 2 0 |a politika hospodárska 
610 2 0 |a Česko 
100 1 |a Holman, R.